00937nam a22002415i 4500001000700000003000900007005001700016008004100033040002000074100002500094245010100119250001400220260008100234300002600315490003300341598003800374740002500412740001300437830004100450852006300491999001900554952012200573158143ES-MaACL20230906211032.0040823s1893 fr |||| | fre d aCAM bspa cCAM1 aLoti, Pierre.97429810aFleurs d'ennui b; Pasquala Ivanovitch ; Voyage au Monténégro ; Suleima / cpar Pierre Loti. a17e éd. aParis : bCalmann Lévy éditeur, c1893 (eImp. de Lagny : fEmile Colin) aIV, 380 p. ; c18 cm.1 aBibliothèque contemporaine aSerie tomada de la cub. original.01aPasquala Ivanovitch.01aSuleima.0 aBibliothèque contemporaine9181673 aES-MaACLjB-40 z-- Enc. hol. conservando la cub. original c158143d158143 001040708LIBXIXaATENEOMbATENEOMcSPBd2008-01-17eSSCl0oB-40p1165512r2023-02-23 00:00:00w2023-02-23yMONANT